<?xml version="1.0" encoding="UTF-8"?>
<record
    xmlns:xsi="http://www.w3.org/2001/XMLSchema-instance"
    xsi:schemaLocation="http://www.loc.gov/MARC21/slim http://www.loc.gov/standards/marcxml/schema/MARC21slim.xsd"
    xmlns="http://www.loc.gov/MARC21/slim">

  <leader>01153nam a22002657a 4500</leader>
  <controlfield tag="005">20260430145036.0</controlfield>
  <controlfield tag="008">260430b        |||||||| |||| 00| 0 eng d</controlfield>
  <datafield tag="040" ind1=" " ind2=" ">
    <subfield code="c">AL</subfield>
  </datafield>
  <datafield tag="041" ind1=" " ind2=" ">
    <subfield code="a">eng</subfield>
  </datafield>
  <datafield tag="082" ind1=" " ind2=" ">
    <subfield code="a">346.44</subfield>
    <subfield code="b">NARL</subfield>
  </datafield>
  <datafield tag="100" ind1=" " ind2=" ">
    <subfield code="a">Narayana P S</subfield>
    <subfield code="9">263163</subfield>
  </datafield>
  <datafield tag="245" ind1=" " ind2=" ">
    <subfield code="a">Land laws in Karnataka Ed 4 Vol 5</subfield>
  </datafield>
  <datafield tag="250" ind1=" " ind2=" ">
    <subfield code="a">4</subfield>
  </datafield>
  <datafield tag="260" ind1=" " ind2=" ">
    <subfield code="a">Bangalore</subfield>
    <subfield code="b">Karnataka Law Journal Publications</subfield>
    <subfield code="c">2020</subfield>
  </datafield>
  <datafield tag="300" ind1=" " ind2=" ">
    <subfield code="a">40p,6741-9477p</subfield>
    <subfield code="b">HB</subfield>
    <subfield code="c">23.5x16.4</subfield>
  </datafield>
  <datafield tag="365" ind1=" " ind2=" ">
    <subfield code="2">Law</subfield>
    <subfield code="a">1368</subfield>
    <subfield code="b">&#x20B9;1496.25</subfield>
    <subfield code="c">&#x20B9;</subfield>
    <subfield code="d">&#x20B9;1995.00</subfield>
    <subfield code="e">25%</subfield>
    <subfield code="f">21-03-2026</subfield>
  </datafield>
  <datafield tag="440" ind1=" " ind2=" ">
    <subfield code="n">Vol 5</subfield>
    <subfield code="9">263078</subfield>
  </datafield>
  <datafield tag="520" ind1=" " ind2=" ">
    <subfield code="a">The 4th Edition of "The Land Laws in Karnataka: Along with Urban Laws" by P.S. Narayana and Sathpal Puliani provides a comprehensive legal framework for both rural and urban land regulations in the state. The "Urban Laws" component specifically focuses on statutes governing development, tenancy, and municipal administration. 
</subfield>
  </datafield>
  <datafield tag="650" ind1=" " ind2=" ">
    <subfield code="a">Along with Urban Laws</subfield>
    <subfield code="9">263054</subfield>
  </datafield>
  <datafield tag="650" ind1=" " ind2=" ">
    <subfield code="a">KLJ Publications</subfield>
    <subfield code="9">263080</subfield>
  </datafield>
  <datafield tag="650" ind1=" " ind2=" ">
    <subfield code="a">Karnataka Municipalities Act 1964</subfield>
    <subfield code="9">263094</subfield>
  </datafield>
  <datafield tag="650" ind1=" " ind2=" ">
    <subfield code="a">Krishna Basin Development Authority Act 1992</subfield>
    <subfield code="9">263157</subfield>
  </datafield>
  <datafield tag="700" ind1=" " ind2=" ">
    <subfield code="a">Puliani, Sathpal</subfield>
    <subfield code="9">263057</subfield>
  </datafield>
  <datafield tag="942" ind1=" " ind2=" ">
    <subfield code="2">ddc</subfield>
    <subfield code="c">BK</subfield>
  </datafield>
  <datafield tag="999" ind1=" " ind2=" ">
    <subfield code="c">241383</subfield>
    <subfield code="d">241383</subfield>
  </datafield>
  <datafield tag="952" ind1=" " ind2=" ">
    <subfield code="0">0</subfield>
    <subfield code="1">0</subfield>
    <subfield code="2">ddc</subfield>
    <subfield code="4">0</subfield>
    <subfield code="7">0</subfield>
    <subfield code="8">Law</subfield>
    <subfield code="a">LL</subfield>
    <subfield code="b">LL</subfield>
    <subfield code="d">2026-04-24</subfield>
    <subfield code="e">MPP House Bengaluru-560009</subfield>
    <subfield code="g">1496.25</subfield>
    <subfield code="l">0</subfield>
    <subfield code="o">346.44 NARL</subfield>
    <subfield code="p">LL002763</subfield>
    <subfield code="r">2026-04-30 14:24:38</subfield>
    <subfield code="v">1995.00</subfield>
    <subfield code="w">2026-03-21</subfield>
    <subfield code="y">BK</subfield>
  </datafield>
  <datafield tag="952" ind1=" " ind2=" ">
    <subfield code="0">0</subfield>
    <subfield code="1">0</subfield>
    <subfield code="2">ddc</subfield>
    <subfield code="4">0</subfield>
    <subfield code="7">0</subfield>
    <subfield code="8">Law</subfield>
    <subfield code="a">LL</subfield>
    <subfield code="b">LL</subfield>
    <subfield code="d">2026-04-24</subfield>
    <subfield code="e">MPP House Bengaluru-560009</subfield>
    <subfield code="g">1496.25</subfield>
    <subfield code="l">0</subfield>
    <subfield code="o">346.44 NARL</subfield>
    <subfield code="p">LL002769</subfield>
    <subfield code="r">2026-04-30 14:27:51</subfield>
    <subfield code="v">1995.00</subfield>
    <subfield code="w">2026-03-21</subfield>
    <subfield code="y">BK</subfield>
  </datafield>
  <datafield tag="952" ind1=" " ind2=" ">
    <subfield code="0">0</subfield>
    <subfield code="1">0</subfield>
    <subfield code="2">ddc</subfield>
    <subfield code="4">0</subfield>
    <subfield code="7">0</subfield>
    <subfield code="8">Law</subfield>
    <subfield code="a">LL</subfield>
    <subfield code="b">LL</subfield>
    <subfield code="d">2026-04-24</subfield>
    <subfield code="e">MPP House Bengaluru-560009</subfield>
    <subfield code="g">1496.25</subfield>
    <subfield code="l">0</subfield>
    <subfield code="o">346.44 NARL</subfield>
    <subfield code="p">LL002775</subfield>
    <subfield code="r">2026-04-30 14:29:13</subfield>
    <subfield code="v">1995.00</subfield>
    <subfield code="w">2026-03-21</subfield>
    <subfield code="y">BK</subfield>
  </datafield>
</record>
